|
|
|
|
| LEADER |
00840nab a2200241 i 4500 |
| 001 |
misc66146 |
| 005 |
20231018111625.0 |
| 008 |
230609s1964 hu o 0|| ger d |
| 040 |
|
|
|a SZTE Miscellanea Repozitórium
|b hun
|
| 041 |
|
|
|a ger
|
| 100 |
1 |
|
|a Rypka Jan
|
| 245 |
1 |
0 |
|a J. D. Pearson, Index Islamicus. Supplement 1956-1960. Cambridge
|h [elektronikus dokumentum] :
|b Heffer, 1962 : Buchbesprechung /
|c Rypka Jan
|
| 260 |
|
|
|c 1964
|
| 300 |
|
|
|a 462-463
|c 24 cm
|
| 300 |
|
|
|a [2] p.
|c 24 cm
|
| 490 |
0 |
|
|a Archiv Orientální
|
| 561 |
|
|
|a Németh Gyula hagyaték
|
| 591 |
|
|
|a NOV 4982; LOH 3311
|
| 650 |
|
4 |
|a Bölcsészettudományok
|
| 650 |
|
4 |
|a Történettudomány és régészet
|
| 695 |
|
|
|a Iszlám - könyvismertetés
|
| 700 |
0 |
1 |
|a Pearson James Douglas
|
| 856 |
4 |
0 |
|u http://misc.bibl.u-szeged.hu/66146/1/4982_nov.pdf
|z Dokumentum-elérés
|